| 000 -LEADER |
| fixed length control field |
00401nam a2200157Ia 4500 |
| 003 - CONTROL NUMBER IDENTIFIER |
| control field |
OSt |
| 005 - DATE AND TIME OF LATEST TRANSACTION |
| control field |
20260331160452.0 |
| 008 - FIXED-LENGTH DATA ELEMENTS--GENERAL INFORMATION |
| fixed length control field |
260210s9999 xx 000 0 und d |
| 020 ## - INTERNATIONAL STANDARD BOOK NUMBER |
| International Standard Book Number |
9788409688371 |
| 100 ## - MAIN ENTRY--PERSONAL NAME |
| Personal name |
Dayanitya Singh |
| 245 #0 - TITLE STATEMENT |
| Title |
Portrait of a House: Conversations with BV Doshi |
| 260 ## - PUBLICATION, DISTRIBUTION, ETC. (IMPRINT) |
| Name of publisher, distributor, etc |
Apartmento 2025 |
| 260 ## - PUBLICATION, DISTRIBUTION, ETC. (IMPRINT) |
| Date of publication, distribution, etc |
2025 |
| 300 ## - PHYSICAL DESCRIPTION |
| Extent |
85.83 x 0.71 x 62.99 inches |
| 942 ## - ADDED ENTRY ELEMENTS (KOHA) |
| Item type |
UG Books |
| Source of classification or shelving scheme |
|